The study on economic effecency of taro production of households in tuol village, svayrict, kampong speu province, ការសិក្សាពីប្រសិទ្ធភាពសេដ្ឋកិច្ច​ នៃផលិតកម្មដំណាំត្រាវជាលក្ខណៈគ្រួសារ នៅភូមិទួល ឃុំស្វាយរំពារ ស្រុកបរសេដ្ឋ ខេត្តកំពង់ស្ពឺ (Record no. 4908)

000 -LEADER
fixed length control field 00754nam a22001217a 4500
040 ## - CATALOGING SOURCE
Transcribing agency RUA
082 ## - DEWEY DECIMAL CLASSIFICATION NUMBER
Classification number AED PIC 2010 B251 Or.1
100 ## - MAIN ENTRY--AUTHOR NAME
Personal name PICH PISEY ; ពេជ្រ ពិសី
245 ## - TITLE STATEMENT
Title The study on economic effecency of taro production of households in tuol village, svayrict, kampong speu province, ការសិក្សាពីប្រសិទ្ធភាពសេដ្ឋកិច្ច​ នៃផលិតកម្មដំណាំត្រាវជាលក្ខណៈគ្រួសារ នៅភូមិទួល ឃុំស្វាយរំពារ ស្រុកបរសេដ្ឋ ខេត្តកំពង់ស្ពឺ
260 ## - PUBLICATION, DISTRIBUTION, ETC. (IMPRINT)
Place of publication Phnom Penh
Name of publisher RUA
Year of publication 2010
300 ## - PHYSICAL DESCRIPTION
Number of Pages xi ; 45p.
Other physical details ill.
Dimensions 29cm.
942 ## - ADDED ENTRY ELEMENTS (KOHA)
Koha item type AED
952 ## - LOCATION AND ITEM INFORMATION (KOHA)
Withdrawn status [LOCAL, KOHA] 0
952 ## - LOCATION AND ITEM INFORMATION (KOHA)
Withdrawn status [LOCAL, KOHA] 0
952 ## - LOCATION AND ITEM INFORMATION (KOHA)
Withdrawn status [LOCAL, KOHA] 0
952 ## - LOCATION AND ITEM INFORMATION (KOHA)
Withdrawn status [LOCAL, KOHA] 0
952 ## - LOCATION AND ITEM INFORMATION (KOHA)
Withdrawn status [LOCAL, KOHA] 0
952 ## - LOCATION AND ITEM INFORMATION (KOHA)
Withdrawn status [LOCAL, KOHA] 0
952 ## - LOCATION AND ITEM INFORMATION (KOHA)
Withdrawn status [LOCAL, KOHA] 0
952 ## - LOCATION AND ITEM INFORMATION (KOHA)
Withdrawn status [LOCAL, KOHA] 0
952 ## - LOCATION AND ITEM INFORMATION (KOHA)
Withdrawn status [LOCAL, KOHA] 0
Holdings
Permanent Location Date acquired Koha item type Lost status Shelving location Barcode Current Location Full call number
Library Block B2015-12-21AED B251RUA032645Library Block BAED PIC 2010 B251 Or.1
Library Block B2015-12-21AED B251RUA032618Library Block BAED PIC 2010 B251 Or.2
Library Block B2015-12-21AED B251RUA031821Library Block BAED PIC 2010 B251 Or.3
Library Block B2015-12-21AED B251RUA031462Library Block BAED PIC 2010 B251 Or.4
Library Block B2015-12-21AED B251RUA031463Library Block BAED PIC 2010 B251 Or.5
Library Block B2015-12-21AED B251RUA031403Library Block BAED PIC 2010 B251 Or.6
Library Block B2015-12-21AED B251RUA031528Library Block BAED PIC 2010 B251 Or.7
Library Block B2015-12-21AED B251RUA032631Library Block BAED PIC 2010 B251 Or.8
Library Block B2015-12-21AED B251RUA032612Library Block BAED PIC 2010 B251 Or.9
មជ្ឈមណ្ឌលឯការនៃសាកលវិទ្យាល័យភូមិន្ទកសិកម្មចំការដូង

Powered by Koha